50 Personnalités francophones #3 - Statistiques

Statistiques générales
  • Ce quiz a été pris 161 fois
  • Le résultat moyen est 24 sur 50
Statistiques - réponses
Par images Réponse % Correct
Teddy Riner
93%
Vianney
92%
Marion Cotillard
91%
Louane
88%
Philippe Etchebest
87%
Antoine Dupont
85%
Anne Hidalgo
82%
Tibo Inshape
82%
SCH
81%
Natoo
75%
Hugo Décrypte
73%
Gérald Darmanin
69%
Laura Felpin
69%
Sebastien Loeb
68%
Iris Mittenaere
66%
Francis Cabrel
64%
Julien Courbet
64%
Charlotte Gainsbourg
61%
Jean-Paul Gaultier
58%
Kyan Khojandi
56%
Laurent Lafitte
56%
Tony Estanguet
56%
Antoine De Caunes
53%
Mathieu Kassovitz
53%
Fred Testot
51%
Hélène Darroze
50%
Zaho De Sagazan
50%
Raphaël Glucksmann
42%
Vassili Schneider
41%
Vincent Dedienne
41%
Anne-Claire Coudray
39%
Michaël Gregorio
34%
Ibrahim Maalouf
29%
Carole Rousseau
28%
Marie-Sophie Lacarrau
26%
Jeannie Longo
24%
Annie Girardot
23%
Augustin Trapenard
21%
Jean-Michel Jarre
18%
Mathieu Amalric
18%
Valerie Benguigui
18%
Yves Camdeborde
17%
Ines de la Fressange
16%
Bernard Werber
12%
Maud Fontenoy
8%
Golshifteh Farahani
6%
Axelle Saint-Cirel
5%
Julia Ducournau
5%
Virginie Grimaldi
5%
Khatia Buniatishvili
2%
Aucun quiz correspondant
Distribution des résultats
% des personnes avec chaque résultat
Percentile par nombre de réponses
Votre historique - résultats
Vous n’avez pas pris ce quiz